| 000 | 00781nam a2200229 a 4500 | ||
|---|---|---|---|
| 001 | 1789417 | ||
| 003 | AM-YEHGA | ||
| 005 | 20250618080144.0 | ||
| 008 | 210910s2021 ai a||||r|||||||||1|arm|d | ||
| 020 | _a9789939704098 | ||
| 040 | _aAM-YeHGA | ||
| 041 | 0 | _aarm | |
| 100 | 1 | _aՀարությունյան, Գարիկ | |
| 245 | 1 | 0 |
_aՀավերժ ներկա / _cԳ. Հարությունյան, Ս. Փորթոեան-Շուհաբեր, Գ. Արշակյան. |
| 260 |
_aԵրևան : _bՎան Արյան, _c2021. |
||
| 300 |
_a161 էջ : _bնկար, լուսանկար ; _c20 սմ. |
||
| 650 | 1 | 4 | _aՀայ գրականություն |
| 700 | 1 | _aՓորթոեան-Շուհաբեր, Սիլվա | |
| 700 | 1 |
_aԱրշակյան, Գևորգ _91827 |
|
| 942 |
_2udc _cBK |
||
| 090 | _c568959 | ||
| 999 |
_c530281 _d530281 |
||